000 00643nam a2200277Ia 4500
005 20260324151013.0
008 008 260324s9999 xx 000 0 eng d
020 _a9780203582640
037 _aEBOOK
040 _aCRL
040 _beng
040 _cCRL
041 _2eng
041 _aeng
084 _qCRL
100 _aThomas Russell
_91228386
245 0 _aCommercial Advertising (RLE Advertising)
260 _bTaylor and Francis
260 _c1919
365 _a
365 _b230
856 _uhttp://www.taylorfrancis.com/books/9780203582640
942 _cEBOOK
999 _c1838777
_d1838777